Completa il Proverbio - Quiz n°12 - Statistics

Statistiche generali
  • Questo quiz è stato fatto 242 volte
  • Il punteggio medio è 13 su 16
Statistiche sulle risposte
Proverbio Parola mancante % Corretto
Chi va piano va sano e va ______ Lontano
97%
Non è tutto ___ quel che luccica Oro
96%
Cielo a pecorelle acqua a ________ Catinelle
93%
Non fare il passo più lungo della _____ Gamba
93%
Non tutte le _______ riescono col buco Ciambelle
90%
Non tutto il male vien per _______ Nuocere
89%
Le donne ne sanno una più del _______ Diavolo
88%
Non mettere il carro davanti ai ____ Buoi
87%
Non è bello ciò che è bello, ma è bello ciò che ____ Piace
84%
Chi va a ____ perde la poltrona Roma
83%
Non si può avere la botte piena e la moglie ______ Ubriaca
81%
Le vie del Signore sono ______ Infinite
74%
Chiodo ______ chiodo Scaccia
73%
Tutto il mondo è _____ Paese
66%
Le disgrazie non vengono mai ___ Sole
63%
Non si fan nozze coi ____ secchi Fichi
51%
Nessun quiz corrispondente trovato
Distribuzione punteggi
Percentuale di utenti per punteggio
Percentile per numero di risposta
I tuoi punteggi nel tempo
Non hai fatto questo quiz